000
00254nam a2200121 4500
040
_c
DLC
082
_a
423.13
_b
OXF
100
_a
Oxford
_9
88894
245
_a
Oxford Dictionary of Idioms
260
_a
?
_b
?
_c
?
300
_a
?
_b
?
_c
18cm
942
_2
ddc
_c
BK
999
_c
587814
_d
587814